00794nam a2200217 a 450000100100000000500170001000800410002702000180006804000250008608200180011110000280012924500740015726000360023130000280026765000400029565000400033570000310037591000370040695201160044399900170055900004553020240409073826.0150414s2011 dr a 000 0 spa d a9789945164091 aDO-SdBNPbspacBNPHU aRD863.5bE77m1 aEspinosa, Carlen97358813aLa melena de la luna /cCarlen Espinosa ; ilustración Fedra Cedano. aSanto Domingo :bBúho,c2011. a[18] p. :bil ;c28 cm. 0aCuentos infantiles dominicanos9505 4aLiteratura infantil dominicana944112aCedano, Fedra,eil.973589 aValidado. Control de calidad MFF 0010718PDaPDbPDcHDd2015-04-14iLF1l0oRD863.5 E77mp45530-10r2020-06-25w2020-06-25yLFPDZNo se presta c45019d45019